[Event "Voronezh op-B 23rd"]
[Site "Voronezh"]
[Date "2019.06.15"]
[Round "4"]
[White "Iliushkin, Evgeny"]
[Black "Egorov, Alexey"]
[Result "1/2-1/2"]
[WhiteElo "2148"]
[BlackElo "1760"]
[PlyCount "109"]
[EventDate "2019.06.12"]
[EventType "swiss"]
[EventRounds "9"]
[EventCountry "RUS"]
[SourceTitle "EXT 2020"]
[Source "ChessBase"]
[SourceDate "2019.10.17"]
[SourceVersion "1"]
[SourceVersionDate "2019.10.17"]
[SourceQuality "1"]

1. d4 d5 2. c4 e6 3. Nf3 Nf6 4. e3 Be7 5. Nc3 0-0 6. Bd3 dxc4 7. Bxc4 c5 8. 0-0 Nc6 9. a3 b6 10. d5 exd5 11. Nxd5 Bb7 12. b3 Na5 13. Nxe7+ Qxe7 14. Bb2 Nxc4 15. bxc4 Rad8 16. Qe2 Rd6 17. Rfd1 Rfd8 18. Rxd6 Qxd6 19. Bxf6 gxf6 20. h3 Qd3 21. Qb2 Rd6 22. Rc1 Qf5 23. Ne1 Qe4 24. Qc3 f5 25. f3 Qe7 26. Kf2 Ba6 27. Nd3 Qh4+ 28. Kg1 Qxc4 29. Qxc4 Bxc4 30. Nxc5 Bb5 31. Nb3 f4 32. exf4 Rd3 33. Rc8+ Kg7 34. Nc1 Rxa3 35. Kf2 Ra4 36. Ke3 Rc4 37. Rxc4 Bxc4 38. h4 a5 39. Kd4 b5 40. Kc5 Kf6 41. g4 Ke6 42. h5 Ke7 43. f5 a4 44. Kb4 Kd6 45. f4 Kd5 46. g5 Ke4 47. g6 fxg6 48. hxg6 hxg6 49. fxg6 Kxf4 50. g7 Kf5 51. g8Q Bxg8 52. Kxb5 Bb3 53. Kb4 Ke4 54. Nxb3 axb3 55. Kxb3 1/2-1/2

[Event "Voronezh op-B 23rd"]
[Site "Voronezh"]
[Date "2019.06.14"]
[Round "3"]
[White "Hussain, Hashem"]
[Black "Iliushkin, Evgeny"]
[Result "0-1"]
[WhiteElo "1673"]
[BlackElo "2148"]
[PlyCount "90"]
[EventDate "2019.06.12"]
[EventType "swiss"]
[EventRounds "9"]
[EventCountry "RUS"]
[SourceTitle "EXT 2020"]
[Source "ChessBase"]
[SourceDate "2019.10.17"]
[SourceVersion "1"]
[SourceVersionDate "2019.10.17"]
[SourceQuality "1"]

1. e4 c5 2. Nf3 e6 3. c3 d5 4. exd5 exd5 5. d4 Nc6 6. Be3 c4 7. Be2 Bd6 8. 0-0 Nge7 9. b3 cxb3 10. axb3 0-0 11. Bc1 Re8 12. Ba3 Ng6 13. Re1 Bg4 14. Bxd6 Qxd6 15. Nbd2 Nf4 16. Bf1 Qg6 17. Kh1 Nd3 18. Bxd3 Qxd3 19. Rc1 a5 20. h3 Bxf3 21. Nxf3 Qxd1 22. Rcxd1 Rxe1+ 23. Rxe1 b5 24. Ra1 a4 25. Nd2 Kf8 26. Ra3 Ke7 27. Kg1 Ra5 28. Kf1 Kd6 29. Ke2 axb3 30. Rxb3 Na7 31. Kd3 Ra2 32. Ke3 Ke6 33. Nf3 f6 34. g4 Nc8 35. Nd2 Nd6 36. h4 Nc4+ 37. Nxc4 bxc4 38. Rb8 Rc2 39. Rg8 Rxc3+ 40. Ke2 Rd3 41. Rxg7 Rxd4 42. g5 Rxh4 43. gxf6 Rf4 44. f7 h5 45. Ke3 Rf5 0-1

[Event "Voronezh op-B 23rd"]
[Site "Voronezh"]
[Date "2019.06.13"]
[Round "2"]
[White "Iliushkin, Evgeny"]
[Black "Ismailov, Samir"]
[Result "0-1"]
[WhiteElo "2148"]
[BlackElo "1681"]
[PlyCount "70"]
[EventDate "2019.06.12"]
[EventType "swiss"]
[EventRounds "9"]
[EventCountry "RUS"]
[SourceTitle "EXT 2020"]
[Source "ChessBase"]
[SourceDate "2019.10.17"]
[SourceVersion "1"]
[SourceVersionDate "2019.10.17"]
[SourceQuality "1"]

1. d4 Nf6 2. c4 c5 3. e3 g6 4. Nc3 Bg7 5. g3 cxd4 6. exd4 d5 7. Bg2 dxc4 8. Qa4+ Nbd7 9. Qxc4 0-0 10. Nge2 Nb6 11. Qc5 Bf5 12. Bxb7 Rb8 13. Bg2 Rc8 14. Qa5 Qd7 15. 0-0 e6 16. Re1 Nfd5 17. Nxd5 Nxd5 18. Bd2 Rc2 19. Bb4 Rb8 20. Bxd5 exd5 21. Rac1 Rbc8 22. Rxc2 Rxc2 23. Bc5 Rxb2 24. Nc3 Be6 25. Bxa7 Bf6 26. Bc5 Bd8 27. Qa3 Rd2 28. Nb1 Rc2 29. Nc3 Rd2 30. Qb3 Rd3 31. Rd1 Rf3 32. Rc1 Kg7 33. Rd1 Bg4 34. Rc1 Bg5 35. Rf1 Bh3 0-1

[Event "Samara Polugaevsky Memorial 7th"]
[Site "Samara"]
[Date "2017.07.15"]
[Round "8"]
[White "Trifonov, Jaroslav"]
[Black "Iliushkin, Evgeny"]
[Result "0-1"]
[WhiteElo "1871"]
[BlackElo "2229"]
[PlyCount "62"]
[EventDate "2017.07.08"]
[EventType "swiss"]
[EventRounds "9"]
[EventCountry "RUS"]
[SourceTitle "EXT 2018"]
[Source "ChessBase"]
[SourceDate "2017.10.13"]
[SourceVersion "1"]
[SourceVersionDate "2017.10.13"]
[SourceQuality "1"]

1. e4 c5 2. Nf3 e6 3. d4 cxd4 4. Nxd4 Nf6 5. Bd3 Nc6 6. Be3 e5 7. Nxc6 dxc6 8. f3 Be6 9. 0-0 Nd7 10. Nd2 Bc5 11. Bxc5 Nxc5 12. Bc4 Qd4+ 13. Kh1 Bxc4 14. c3 Qd3 15. Nxc4 Qxc4 16. Qd6 Nd7 17. Rfd1 0-0-0 18. Qa3 Nb6 19. b3 Qxc3 20. Qxa7 Rxd1+ 21. Rxd1 Qc2 22. Rg1 Qc5 23. a4 Kc7 24. b4 Qd4 25. a5 Nc4 26. Qxd4 exd4 27. Rc1 Ne3 28. b5 d3 29. b6+ Kb8 30. a6 bxa6 31. Rxc6 d2 0-1

[Event "Samara Polugaevsky Memorial 7th"]
[Site "Samara"]
[Date "2017.07.14"]
[Round "7"]
[White "Pogorelskikh, Sofia"]
[Black "Iliushkin, Evgeny"]
[Result "0-1"]
[WhiteElo "2029"]
[BlackElo "2229"]
[PlyCount "114"]
[EventDate "2017.07.08"]
[EventType "swiss"]
[EventRounds "9"]
[EventCountry "RUS"]
[SourceTitle "EXT 2018"]
[Source "ChessBase"]
[SourceDate "2017.10.13"]
[SourceVersion "1"]
[SourceVersionDate "2017.10.13"]
[SourceQuality "1"]

1. e4 c5 2. Nf3 e6 3. b3 a6 4. Bb2 Nc6 5. g3 d6 6. Bg2 Nf6 7. Qe2 Be7 8. 0-0 0-0 9. e5 dxe5 10. Nxe5 Nxe5 11. Bxe5 Nd7 12. Bb2 Bf6 13. Bxf6 Nxf6 14. a4 Qc7 15. Na3 Rb8 16. Nc4 b6 17. Ne5 Bb7 18. Bxb7 Qxb7 19. Rfe1 Rfd8 20. h3 Nd5 21. Qc4 Rbc8 22. Qe4 Rc7 23. Qh4 Ne7 24. Qh5 Nf5 25. Qd1 Nd4 26. c3 Nc6 27. Nc4 Ne7 28. Qc2 Rcd7 29. Rad1 Nf5 30. Ne5 Rd6 31. Nc4 Rd3 32. Ne3 Qf3 33. Nxf5 Qxf5 34. Re3 h5 35. Rxd3 Rxd3 36. Rc1 h4 37. g4 Qd5 38. Re1 Rxd2 39. Qe4 Qxe4 40. Rxe4 Rd3 41. Rc4 Rxh3 42. a5 bxa5 43. Rxc5 Rd3 44. Rxa5 Rxc3 45. Rxa6 Rxb3 46. Kh2 g6 47. Ra4 Rb5 48. Kh3 g5 49. Ra3 Rb4 50. Ra5 f6 51. Ra7 Rf4 52. Ra2 Kf7 53. Re2 e5 54. Ra2 Ke6 55. Ra8 Kd5 56. Ra5+ Ke4 57. Ra3 Rf3+ 0-1

[Event "Voronezh op-A 21st"]
[Site "Voronezh"]
[Date "2017.06.19"]
[Round "7"]
[White "Panchenko, Dmitry"]
[Black "Iliushkin, Evgeny"]
[Result "1/2-1/2"]
[WhiteElo "2371"]
[BlackElo "2241"]
[PlyCount "111"]
[EventDate "2017.06.12"]
[EventType "swiss"]
[EventRounds "9"]
[EventCountry "RUS"]
[SourceTitle "EXT 2018"]
[Source "ChessBase"]
[SourceDate "2017.10.13"]
[SourceVersion "1"]
[SourceVersionDate "2017.10.13"]
[SourceQuality "1"]

1. e4 c5 2. Nf3 e6 3. g3 Nc6 4. Bg2 Nf6 5. Qe2 d6 6. 0-0 Be7 7. c3 Ne5 8. d4 Nxf3+ 9. Bxf3 Nd7 10. dxc5 dxc5 11. e5 Qc7 12. Re1 Rb8 13. c4 a6 14. Nc3 0-0 15. Bf4 Rd8 16. Nd5 exd5 17. e6 Bd6 18. exf7+ Kh8 19. Qe7 Bxf4 20. Qxd8+ Qxd8 21. Re8+ Nf8 22. Rxd8 Bd7 23. Rxf8+ Rxf8 24. gxf4 Be6 25. cxd5 Bxf7 26. Re1 Kg8 27. Kg2 Rd8 28. Re5 Rd6 29. b3 Kf8 30. Be4 Rh6 31. Kg3 b5 32. Kf3 Rd6 33. Ke3 Rh6 34. Bf3 Rd6 35. h4 a5 36. h5 h6 37. Kd3 Ra6 38. Kc3 Rf6 39. f5 Rb6 40. Be2 Be8 41. Re6 Rxe6 42. fxe6 Ke7 43. Kd3 Kd6 44. Ke4 b4 45. f4 a4 46. Bd1 a3 47. Be2 c4 48. Bxc4 Bxh5 49. Kf5 Be8 50. Kg4 Bg6 51. f5 Be8 52. Kh4 Ke5 53. Kg4 Kd6 54. Kh4 Ke5 55. Kg4 Kd6 56. Kh4 1/2-1/2

[Event "Voronezh op-A 21st"]
[Site "Voronezh"]
[Date "2017.06.15"]
[Round "4"]
[White "Kharmunova, Nadezhda"]
[Black "Iliushkin, Evgeny"]
[Result "1-0"]
[WhiteElo "2137"]
[BlackElo "2241"]
[PlyCount "125"]
[EventDate "2017.06.12"]
[EventType "swiss"]
[EventRounds "9"]
[EventCountry "RUS"]
[SourceTitle "EXT 2018"]
[Source "ChessBase"]
[SourceDate "2017.10.13"]
[SourceVersion "1"]
[SourceVersionDate "2017.10.13"]
[SourceQuality "1"]

1. e4 c5 2. Nf3 e6 3. d4 cxd4 4. Nxd4 a6 5. Nc3 d6 6. g4 Be7 7. Bg2 Nc6 8. Be3 Bd7 9. h3 h6 10. 0-0 Nf6 11. f4 e5 12. Nxc6 Bxc6 13. g5 hxg5 14. fxg5 Nh5 15. Nd5 Bxg5 16. Bb6 Qxb6+ 17. Nxb6 Be3+ 18. Kh2 Bxb6 19. Qxd6 f6 20. Qe6+ Kf8 21. Qxe5 Re8 22. Qd6+ Re7 23. Qb4 Bc7+ 24. Kg1 a5 25. Qb3 Rh6 26. Rf5 Nf4 27. Rxf4 Bxf4 28. Rd1 Bc7 29. Kf2 Rh4 30. c4 Bxe4 31. Bxe4 Rhxe4 32. Rd2 Bf4 33. Rd8+ Kf7 34. Qf3 g6 35. Rd7 Be3+ 36. Kg2 Rxd7 37. Qxe4 Bc5 38. a3 b6 39. Qe1 a4 40. Qe2 Re7 41. Qc2 f5 42. Kf1 Ra7 43. Qd1 Kf6 44. Qd8+ Re7 45. Qa8 Re3 46. Qxa4 Rf3+ 47. Ke1 Re3+ 48. Kd1 f4 49. b4 Bd4 50. Qa8 Be5 51. Qd8+ Kf5 52. Qxb6 Rxa3 53. c5 f3 54. c6 Ke4 55. Qb7 Rd3+ 56. Kc2 Rc3+ 57. Kb1 Ke3 58. Qe7 Kd4 59. Qh4+ Kd3 60. Qf2 Kc4 61. Qc5+ Kd3 62. Qxe5 f2 63. Qg3+ 1-0

[Event "Voronezh op-A 21st"]
[Site "Voronezh"]
[Date "2017.06.14"]
[Round "3"]
[White "Iliushkin, Evgeny"]
[Black "Ponomarev, Dmitry"]
[Result "0-1"]
[WhiteElo "2241"]
[BlackElo "2417"]
[PlyCount "148"]
[EventDate "2017.06.12"]
[EventType "swiss"]
[EventRounds "9"]
[EventCountry "RUS"]
[SourceTitle "EXT 2018"]
[Source "ChessBase"]
[SourceDate "2017.10.13"]
[SourceVersion "1"]
[SourceVersionDate "2017.10.13"]
[SourceQuality "1"]

1. d4 d5 2. c4 dxc4 3. Nf3 c6 4. e3 Be6 5. a4 Nf6 6. Na3 Bd5 7. Nxc4 e6 8. Bd2 c5 9. dxc5 Bxc5 10. b4 Be7 11. Be2 Ne4 12. 0-0 Bxc4 13. Bxc4 Nxd2 14. Bb5+ Nc6 15. Nxd2 Bxb4 16. Bxc6+ bxc6 17. Nc4 0-0 18. Qc2 Qg5 19. Rad1 Rfd8 20. Rxd8+ Rxd8 21. Rd1 Rxd1+ 22. Qxd1 Qd5 23. Qc2 Bf8 24. h4 g6 25. g3 Qc5 26. Kf1 Be7 27. Ke2 Bf6 28. Qb3 Kg7 29. Qd3 Qb4 30. Qc2 Kf8 31. Nd2 c5 32. Nc4 h5 33. Nd2 Kg8 34. Nc4 Bg7 35. Nd6 Bf8 36. Nc4 Bg7 37. Nd6 Be5 38. Nc4 Bc7 39. Nb2 Qg4+ 40. Ke1 Qb4+ 41. Ke2 Ba5 42. Kf1 Qe1+ 43. Kg2 Qc3 44. Qxc3 Bxc3 45. Nc4 Kf8 46. Kf1 Ke7 47. Ke2 f6 48. e4 Kd7 49. f3 Bd4 50. Kf1 Bc3 51. Ke2 Kc6 52. Kf1 f5 53. Kg2 Kd7 54. Kf2 Ke7 55. Kf1 Kf6 56. Kg2 g5 57. hxg5+ Kxg5 58. f4+ Kf6 59. e5+ Ke7 60. Kf3 Kd7 61. Nd6 Be1 62. Nb5 c4 63. Na3 c3 64. Nc2 Bd2 65. Nd4 a6 66. Kg2 Be3 67. Nc2 Bc5 68. Kh3 Kc6 69. Kh4 Bf2 70. Kxh5 Bxg3 71. Kg5 Kd5 72. Na3 Ke4 73. Kf6 Bxf4 74. Kxe6 Bxe5 0-1

[Event "Voronezh op-A 21st"]
[Site "Voronezh"]
[Date "2017.06.13"]
[Round "2"]
[White "Pogorelskikh, Sofia"]
[Black "Iliushkin, Evgeny"]
[Result "0-1"]
[WhiteElo "2050"]
[BlackElo "2241"]
[PlyCount "78"]
[EventDate "2017.06.12"]
[EventType "swiss"]
[EventRounds "9"]
[EventCountry "RUS"]
[SourceTitle "EXT 2018"]
[Source "ChessBase"]
[SourceDate "2017.10.13"]
[SourceVersion "1"]
[SourceVersionDate "2017.10.13"]
[SourceQuality "1"]

1. e4 c5 2. Nf3 e6 3. d4 cxd4 4. Nxd4 a6 5. Bd3 d6 6. 0-0 Nf6 7. c4 Be7 8. Nc3 0-0 9. Be3 Nc6 10. b3 Ne5 11. Be2 Ng6 12. f3 d5 13. Qc2 e5 14. Nf5 d4 15. Rfd1 Qc7 16. Nxd4 exd4 17. Bxd4 Bc5 18. Kh1 Bxd4 19. Rxd4 Be6 20. Rad1 Rac8 21. b4 Rfd8 22. Nd5 Bxd5 23. exd5 Qe5 24. Qd2 Re8 25. Bf1 b6 26. Qc2 Qd6 27. Qa4 Ra8 28. Qc2 Qxb4 29. c5 Qxc5 30. Rc4 Qd6 31. Rc6 Qd8 32. d6 b5 33. Rc7 Ne5 34. f4 Ned7 35. Rc1 Nd5 36. Rb7 N7b6 37. Qf5 Qf6 38. Bd3 Qxf5 39. Bxf5 g6 0-1

[Event "Samara Polugaevsky Memorial 6th"]
[Site "Samara"]
[Date "2016.07.11"]
[Round "9"]
[White "Iliushkin, Evgeny"]
[Black "Gagarin, Sergey"]
[Result "1/2-1/2"]
[WhiteElo "2240"]
[BlackElo "2070"]
[PlyCount "101"]
[EventDate "2016.07.03"]
[EventType "swiss"]
[EventRounds "9"]
[EventCountry "RUS"]
[SourceTitle "EXT 2019"]
[Source "ChessBase"]
[SourceDate "2018.10.10"]
[SourceVersion "1"]
[SourceVersionDate "2018.10.10"]
[SourceQuality "1"]

1. d4 Nf6 2. c4 e6 3. Nf3 Bb4+ 4. Bd2 Qe7 5. g3 Nc6 6. Bg2 Bxd2+ 7. Nbxd2 d6 8. 0-0 0-0 9. e3 e5 10. Qb3 a5 11. Rac1 a4 12. Qc3 Bf5 13. Nh4 Bd7 14. d5 Nb8 15. e4 Na6 16. b4 axb3 17. axb3 c6 18. dxc6 bxc6 19. b4 Rab8 20. Rb1 Rb7 21. Nf5 Bxf5 22. exf5 d5 23. b5 cxb5 24. cxd5 b4 25. Qa1 Ra7 26. Rfe1 Re8 27. Qa5 Qc5 28. Ra1 Nd7 29. Rec1 Qd4 30. Rd1 Rea8 31. Ne4 Nc7 32. Rxd4 Rxa5 33. Rxa5 Rxa5 34. Rxb4 Nxd5 35. Rb7 Nf8 36. Nd6 Ra1+ 37. Bf1 e4 38. Nxe4 Rc1 39. Nd6 Nc7 40. Kg2 Rc6 41. Nc4 g6 42. Ne3 Nd7 43. Bb5 Nxb5 44. Rxd7 Rd6 45. Rxd6 Nxd6 46. Kf3 Kg7 47. Kf4 Nb5 48. Ke5 h5 49. h4 gxf5 50. Nxf5+ Kg6 51. Nd6 1/2-1/2

[Event "Samara Polugaevsky Memorial 6th"]
[Site "Samara"]
[Date "2016.07.03"]
[Round "1"]
[White "Iliushkin, Evgeny"]
[Black "Murzina, Agata"]
[Result "1-0"]
[WhiteElo "2240"]
[BlackElo "1676"]
[PlyCount "92"]
[EventDate "2016.07.03"]
[EventType "swiss"]
[EventRounds "9"]
[EventCountry "RUS"]
[SourceTitle "EXT 2019"]
[Source "ChessBase"]
[SourceDate "2018.10.10"]
[SourceVersion "1"]
[SourceVersionDate "2018.10.10"]
[SourceQuality "1"]

1. c4 Nf6 2. Nf3 e6 3. e3 d5 4. b3 c5 5. Bb2 Nc6 6. cxd5 exd5 7. Bb5 Bg4 8. h3 Bh5 9. g4 Bg6 10. Ne5 Qb6 11. Nc3 Bd6 12. Bxc6+ bxc6 13. Nxg6 hxg6 14. g5 Nh5 15. Na4 Qb4 16. Qc2 Rb8 17. Rg1 c4 18. bxc4 Qxc4 19. Qxc4 dxc4 20. Bc3 Ba3 21. Rg4 Ke7 22. Rxc4 Rbc8 23. Rb1 Rc7 24. Ba5 Rcc8 25. Re4+ Kf8 26. Bb4+ Bxb4 27. Rbxb4 f6 28. h4 Rh7 29. Nc5 a5 30. Rb7 fxg5 31. hxg5 a4 32. Rxa4 Re8 33. Raa7 Nf4 34. Rf7+ Kg8 35. Rxf4 Rb8 36. Ke2 Rh3 37. Rff7 Rh7 38. Ne6 Re8 39. Rxg7+ Rxg7 40. Rxg7+ Kh8 41. Rxg6 Kh7 42. Rf6 Ra8 43. g6+ Kh8 44. g7+ Kg8 45. Rf8+ Rxf8 46. gxf8Q+ Kh7 1-0

[Event "RUS-chT Seniors final"]
[Site "Sochi"]
[Date "2016.05.08"]
[Round "7.4"]
[White "Iliushkin, Evgeny"]
[Black "Lisenko, Alexander V"]
[Result "1-0"]
[WhiteElo "2223"]
[BlackElo "2361"]
[PlyCount "83"]
[EventDate "2016.05.01"]
[EventType "team-tourn"]
[EventRounds "9"]
[EventCountry "RUS"]
[SourceTitle "EXT 2018"]
[Source "ChessBase"]
[SourceDate "2017.10.13"]
[SourceVersion "1"]
[SourceVersionDate "2017.10.13"]
[SourceQuality "1"]
[WhiteTeam "Samara Zhiguli Seniors"]
[BlackTeam "Ekaterinburg Malachite"]
[WhiteTeamCountry "RUS"]
[BlackTeamCountry "RUS"]

1. d4 Nf6 2. Nf3 e6 3. c4 Bb4+ 4. Bd2 Qe7 5. g3 Nc6 6. a3 Bxd2+ 7. Qxd2 a5 8. Bg2 d6 9. Nc3 0-0 10. 0-0 Bd7 11. b3 Rfc8 12. e4 e5 13. dxe5 Nxe5 14. Nd4 a4 15. f4 Nc6 16. b4 Nxd4 17. Qxd4 c5 18. bxc5 Rxc5 19. Rfe1 Rac8 20. e5 Rxc4 21. Nd5 Nxd5 22. Qxd5 dxe5 23. Rxe5 Rc1+ 24. Bf1 Be6 25. Rxc1 Rxc1 26. Qd2 Rc8 27. Qe3 Qd7 28. h4 g6 29. h5 Rc2 30. Bg2 Qd1+ 31. Kh2 Qd2 32. Qf3 Rb2 33. Qe4 Qd7 34. g4 Qc6 35. Qxc6 bxc6 36. Kg3 Rb3+ 37. Kh4 Kg7 38. hxg6 hxg6 39. f5 Kf6 40. fxe6 Kxe5 41. e7 Rb8 42. Bxc6 1-0

[Event "RUS-chT Seniors final"]
[Site "Sochi"]
[Date "2016.05.01"]
[Round "1.1"]
[White "Iliushkin, Evgeny"]
[Black "Mishuchkov, Nikolai Mikhailovic"]
[Result "1/2-1/2"]
[WhiteElo "2223"]
[BlackElo "2301"]
[PlyCount "79"]
[EventDate "2016.05.01"]
[EventType "team-tourn"]
[EventRounds "9"]
[EventCountry "RUS"]
[SourceTitle "EXT 2018"]
[Source "ChessBase"]
[SourceDate "2017.10.13"]
[SourceVersion "1"]
[SourceVersionDate "2017.10.13"]
[SourceQuality "1"]
[WhiteTeam "Samara Zhiguli Seniors"]
[BlackTeam "St Petersburg Bronze Horseman"]
[WhiteTeamCountry "RUS"]
[BlackTeamCountry "RUS"]

1. d4 Nf6 2. Nf3 d5 3. c4 e6 4. Nc3 Bb4 5. cxd5 exd5 6. Bg5 h6 7. Bxf6 Qxf6 8. Qb3 c5 9. e3 Nc6 10. dxc5 Be6 11. Bb5 Bxc5 12. Nxd5 Bxd5 13. Qxd5 Bb4+ 14. Kf1 0-0 15. Bxc6 Qxb2 16. Rd1 bxc6 17. Qb3 Qxb3 18. axb3 a5 19. Ke2 a4 20. bxa4 Rxa4 21. Ra1 Rfa8 22. Rxa4 Rxa4 23. Ne5 Ra2+ 24. Kf3 c5 25. Rc1 Rd2 26. Nc6 Rb2 27. Nxb4 cxb4 28. Rc8+ Kh7 29. h4 h5 30. Rb8 g6 31. g3 f6 32. Rb7+ Kg8 33. e4 b3 34. Ke3 Rb1 35. Kd3 b2 36. Kc2 Re1 37. Rxb2 Rxe4 38. Kd3 f5 39. f3 Re5 40. Re2 1/2-1/2

[Event "Dvorkovich Memorial op"]
[Site "Taganrog"]
[Date "2015.01.19"]
[Round "2"]
[White "Iliushkin, Evgeny"]
[Black "Sobolevsky, Anton"]
[Result "1-0"]
[WhiteElo "2189"]
[BlackElo "1805"]
[PlyCount "59"]
[EventDate "2015.01.18"]
[EventType "swiss"]
[EventRounds "9"]
[EventCountry "RUS"]
[SourceTitle "CBM 164 Extra"]
[Source "ChessBase"]
[SourceDate "2015.03.02"]
[SourceVersion "1"]
[SourceVersionDate "2015.03.02"]
[SourceQuality "1"]

1. c4 f5 2. d4 Nf6 3. e3 e6 4. Nf3 Be7 5. Be2 0-0 6. 0-0 d5 7. Nc3 c6 8. Ne5 Nbd7 9. f4 Ne4 10. Qc2 Ndf6 11. b3 Bd7 12. Bb2 Kh8 13. Kh1 Qe8 14. a3 Rg8 15. Nxe4 Nxe4 16. Bf3 Nf6 17. Rg1 g5 18. g4 fxg4 19. fxg5 Rxg5 20. Nxg4 Qh5 21. Ne5 Rxg1+ 22. Rxg1 Qe8 23. Qg2 Qf8 24. Qh3 Be8 25. Qxe6 Rd8 26. Qh3 Bxa3 27. Bxa3 Qxa3 28. c5 Rd7 29. Nxd7 Bxd7 30. Qh6 1-0

[Event "PriFO op active"]
[Site "Togliatti"]
[Date "2014.03.23"]
[Round "4"]
[White "Filipenko, Alexander V"]
[Black "Iliushkin, Evgeny"]
[Result "1-0"]
[WhiteElo "2312"]
[BlackElo "2310"]
[PlyCount "79"]
[EventDate "2014.03.23"]
[EventType "swiss"]
[EventRounds "7"]
[EventCountry "RUS"]
[SourceTitle "EXT 2016"]
[Source "ChessBase"]
[SourceDate "2015.10.08"]
[SourceVersion "1"]
[SourceVersionDate "2015.10.08"]
[SourceQuality "1"]

1. e4 c5 2. Nf3 e6 3. d4 cxd4 4. Nxd4 Nf6 5. Nc3 d6 6. Be3 Nc6 7. f3 Bd7 8. Qd2 Nxd4 9. Qxd4 Bc6 10. 0-0-0 Be7 11. h4 0-0 12. h5 e5 13. Qd2 a6 14. g4 b5 15. g5 b4 16. gxf6 bxc3 17. Qxc3 Bxf6 18. Qxc6 Bg5 19. Bxg5 Qxg5+ 20. Kb1 Rfc8 21. Qd5 Qe3 22. Bc4 Ra7 23. h6 Rac7 24. Qxd6 Qg5 25. Rhg1 Qh4 26. Rxg7+ Kh8 27. Rg4 Qe7 28. Qxe7 Rxe7 29. b3 a5 30. a4 Rec7 31. Rd5 Rb8 32. Kc1 Rc6 33. Rh4 Rf6 34. Rh3 Kg8 35. Rxa5 Kf8 36. Rxe5 Rbb6 37. a5 Rb8 38. a6 Rc6 39. Rf5 f6 40. Rg3 1-0

[Event "PriFO op active"]
[Site "Togliatti"]
[Date "2014.03.23"]
[Round "7"]
[White "Iljushin, Alexei"]
[Black "Iliushkin, Evgeny"]
[Result "1-0"]
[WhiteElo "2518"]
[BlackElo "2310"]
[PlyCount "101"]
[EventDate "2014.03.23"]
[EventType "swiss"]
[EventRounds "7"]
[EventCountry "RUS"]
[SourceTitle "EXT 2016"]
[Source "ChessBase"]
[SourceDate "2015.10.08"]
[SourceVersion "1"]
[SourceVersionDate "2015.10.08"]
[SourceQuality "1"]

1. Nf3 Nf6 2. g3 b6 3. Bg2 Bb7 4. d3 d5 5. b3 e6 6. Bb2 Be7 7. Nbd2 0-0 8. 0-0 c5 9. Re1 Nc6 10. e4 Re8 11. Qe2 a6 12. h4 h6 13. e5 Nd7 14. Nf1 b5 15. N1h2 Nf8 16. Ng4 b4 17. h5 Nh7 18. Bc1 Ng5 19. Bxg5 Bxg5 20. Nxg5 Qxg5 21. f4 Qe7 22. Ne3 Nd4 23. Qf2 Nf5 24. Nxf5 exf5 25. d4 Rec8 26. dxc5 Rxc5 27. Rad1 Rac8 28. Rd2 d4 29. Bxb7 Qxb7 30. Ree2 Qc6 31. Rxd4 Rxc2 32. Rxc2 Qxc2 33. Qxc2 Rxc2 34. Rxb4 Rxa2 35. Rb8+ Kh7 36. Rf8 Rb2 37. Rxf7 Rxb3 38. Kg2 a5 39. Rxf5 Rb6 40. Rf8 Ra6 41. f5 a4 42. e6 Ra7 43. Rf7 Ra8 44. f6 a3 45. Rxg7+ Kh8 46. Ra7 Rxa7 47. e7 a2 48. e8Q+ Kh7 49. Qg6+ Kh8 50. Qxh6+ Kg8 51. f7+ 1-0

[Event "Dvorkovich Memorial op"]
[Site "Taganrog"]
[Date "2014.01.26"]
[Round "9"]
[White "Aivazian, Grigory"]
[Black "Iliushkin, Evgeny"]
[Result "1/2-1/2"]
[WhiteElo "1981"]
[BlackElo "2302"]
[PlyCount "77"]
[EventDate "2014.01.18"]
[EventType "swiss"]
[EventRounds "9"]
[EventCountry "RUS"]
[SourceTitle "CBM 158 Extra"]
[Source "ChessBase"]
[SourceDate "2014.02.28"]
[SourceVersion "1"]
[SourceVersionDate "2014.02.28"]
[SourceQuality "1"]

1. e4 c5 2. Nf3 e6 3. d4 cxd4 4. Nxd4 a6 5. Bd3 Nc6 6. Nxc6 dxc6 7. 0-0 e5 8. Nd2 Nf6 9. Nc4 Bg4 10. Qd2 Nd7 11. b3 Be6 12. Bb2 Qc7 13. a4 Be7 14. f4 f6 15. fxe5 Nxe5 16. Nxe5 fxe5 17. Kh1 0-0-0 18. Qe2 Rd7 19. Bc4 Bxc4 20. Qxc4 Bf6 21. Bc3 Rhd8 22. Qe2 Qd6 23. Ba5 Re8 24. Rad1 Qe6 25. Rxd7 Kxd7 26. Rd1+ Kc8 27. Qd3 Kb8 28. Bb6 Rc8 29. a5 Be7 30. Qd7 Qxd7 31. Rxd7 Bf6 32. g4 h6 33. Kg2 Re8 34. Kg3 Kc8 35. Rc7+ Kb8 36. Rd7 Kc8 37. Rc7+ Kb8 38. Rd7 Kc8 39. Rc7+ 1/2-1/2

[Event "Dvorkovich Memorial op"]
[Site "Taganrog"]
[Date "2014.01.25"]
[Round "8"]
[White "Iliushkin, Evgeny"]
[Black "Nazaretyan, Tigran"]
[Result "1/2-1/2"]
[WhiteElo "2302"]
[BlackElo "2149"]
[PlyCount "80"]
[EventDate "2014.01.18"]
[EventType "swiss"]
[EventRounds "9"]
[EventCountry "RUS"]
[SourceTitle "CBM 158 Extra"]
[Source "ChessBase"]
[SourceDate "2014.02.28"]
[SourceVersion "1"]
[SourceVersionDate "2014.02.28"]
[SourceQuality "1"]

1. c4 e6 2. Nf3 d5 3. e3 Nf6 4. b3 Bd6 5. Bb2 Nbd7 6. Be2 c6 7. d4 0-0 8. Nbd2 a6 9. 0-0 Ne4 10. Qc2 f5 11. Ne5 Qf6 12. f4 Qe7 13. Nxe4 fxe4 14. a4 Nf6 15. Bc3 c5 16. Rfd1 a5 17. dxc5 Bxc5 18. Bd4 Bd6 19. c5 Bxe5 20. Bxe5 Rf7 21. Rab1 Bd7 22. Bb5 Bc6 23. b4 axb4 24. Rxb4 Ng4 25. Bd4 e5 26. fxe5 Nxe5 27. Bxe5 Qxe5 28. Rf1 Rxf1+ 29. Bxf1 Qa1 30. Qb3 Rf8 31. Qb1 Qc3 32. Rb3 Qd2 33. Rb2 Qxe3+ 34. Kh1 Qxc5 35. h3 d4 36. Rc2 Qe5 37. Bc4+ Kh8 38. Qb4 Qf6 39. Rc1 Qd8 40. Bb5 e3 1/2-1/2

[Event "Khanty-Mansiysk Governor Cup-B 9th"]
[Site "Khanty-Mansiysk"]
[Date "2013.12.05"]
[Round "8"]
[White "Iliushkin, Evgeny"]
[Black "Papayan, Oleg"]
[Result "0-1"]
[WhiteElo "2282"]
[BlackElo "2245"]
[PlyCount "58"]
[EventDate "2013.11.28"]
[EventType "swiss"]
[EventRounds "9"]
[EventCountry "RUS"]
[SourceTitle "CBM 157 Extra"]
[Source "ChessBase"]
[SourceDate "2013.12.19"]
[SourceVersion "1"]
[SourceVersionDate "2013.12.19"]
[SourceQuality "1"]

1. d4 d5 2. Nf3 c6 3. c3 Bg4 4. Nbd2 Nf6 5. Qc2 Nbd7 6. e3 Qc7 7. h3 Bh5 8. Bd3 e5 9. Nh4 e4 10. Bf1 g5 11. Nf5 Bg6 12. Ng3 Bd6 13. Ne2 h5 14. c4 0-0 15. b3 h4 16. Bb2 g4 17. 0-0-0 g3 18. c5 Be7 19. fxg3 hxg3 20. Nf4 Nh5 21. Nxh5 Bxh5 22. Re1 Bg5 23. Be2 Bg6 24. Bd1 f5 25. Nf1 b6 26. cxb6 axb6 27. Bc3 c5 28. h4 Bh6 29. Rh3 f4 0-1